अर्चन-दीप : (Record no. 119855)
[ view plain ]
| 000 -LEADER | |
|---|---|
| fixed length control field | 01323nam a22002777a 4500 |
| 003 - CONTROL NUMBER IDENTIFIER | |
| control field | dpl |
| 005 - DATE AND TIME OF LATEST TRANSACTION | |
| control field | 20190128112545.0 |
| 008 - FIXED-LENGTH DATA ELEMENTS--GENERAL INFORMATION | |
| fixed length control field | 170204b xxu||||| |||| 00| 0 eng d |
| 010 ## - LIBRARY OF CONGRESS CONTROL NUMBER | |
| LC control number | B-088856,B-088861 |
| 020 ## - INTERNATIONAL STANDARD BOOK NUMBER | |
| Terms of availability | 00.00 |
| International Standard Book Number | 8185979138 |
| 035 ## - SYSTEM CONTROL NUMBER | |
| System control number | B-088856,B-088861, B-088864 |
| 037 ## - SOURCE OF ACQUISITION | |
| Source of stock number/acquisition | Cen Lib/Ret |
| 040 ## - CATALOGING SOURCE | |
| Original cataloging agency | DPL |
| Language of cataloging | HN |
| Transcribing agency | DPL |
| 082 ## - DEWEY DECIMAL CLASSIFICATION NUMBER | |
| Classification number | 821 |
| Item number | कृष्णाअ |
| 100 ## - MAIN ENTRY--PERSONAL NAME | |
| Personal name | कृष्णा अनुराधा |
| 9 (RLIN) | 87203 |
| 245 ## - TITLE STATEMENT | |
| Title | अर्चन-दीप : |
| Statement of responsibility, etc | कृष्णा अनुराधा |
| Remainder of title | इंग्लैंड में प्रवासी भारतीय कवयित्री का प्रथम गीत-संग्रह / |
| 246 ## - VARYING FORM OF TITLE | |
| Title proper/short title | Archan-deep : England me pravasi bharteey kavyitri ka pratham geet-sangreh / |
| Remainder of title | by Krishna Anuradha |
| 260 ## - PUBLICATION, DISTRIBUTION, ETC. (IMPRINT) | |
| Place of publication, distribution, etc | दिल्ली |
| Name of publisher, distributor, etc | नटराज प्रकाशन |
| Date of publication, distribution, etc | 1995 |
| 270 ## - ADDRESS | |
| Address | ए-98, अशोक विहार, फेज प्रथम |
| City | दिल्ली |
| Postal code | 110052 |
| 300 ## - PHYSICAL DESCRIPTION | |
| Extent | 79पृ. |
| Dimensions | 21सेमी(सजिल्द) |
| 650 ## - SUBJECT ADDED ENTRY--TOPICAL TERM | |
| Topical term or geographic name as entry element | हिन्दी -- साहित्य |
| 9 (RLIN) | 87204 |
| 650 ## - SUBJECT ADDED ENTRY--TOPICAL TERM | |
| Topical term or geographic name as entry element | हिन्दी -- काव्य |
| 9 (RLIN) | 779 |
| 650 ## - SUBJECT ADDED ENTRY--TOPICAL TERM | |
| Topical term or geographic name as entry element | Hindi literature |
| 9 (RLIN) | 87205 |
| 650 ## - SUBJECT ADDED ENTRY--TOPICAL TERM | |
| Topical term or geographic name as entry element | Hindi - Poetry |
| 9 (RLIN) | 87206 |
| 942 ## - ADDED ENTRY ELEMENTS (KOHA) | |
| Source of classification or shelving scheme | Dewey Decimal Classification |
| Koha item type | Hindi Books |
| Classification part | 821 |
| Call number suffix | कृष्णाअ |
| Withdrawn status | Lost status | Damaged status | Not for loan | Home library | Current library | Date acquired | Source of acquisition | Cost, normal purchase price | Total Checkouts | Full call number | Barcode | Date last seen | Copy number | Cost, replacement price | Price effective from | Koha item type | Source of classification or shelving scheme | Collection code | Shelving location |
|---|---|---|---|---|---|---|---|---|---|---|---|---|---|---|---|---|---|---|---|
| Central Library | Central Library | 19/09/2015 | Cen Lib/Ret | 0.00 | 821 कृष्णाअ | B-088856 | 19/09/2015 | 1 | 0.00 | 19/09/2015 | Hindi Books | ||||||||
| Ordered | Sarojini Nagar | Sarojini Nagar | 01/02/2017 | DPL | 821 कृष्णाअ | B-088861 | 01/02/2017 | 1 | 01/02/2017 | Hindi Books | Dewey Decimal Classification | Non-fiction | On Display | ||||||
| Shahdara Branch | Shahdara Branch | 28/01/2019 | BPPD/PUB | 0.00 | 821 कृष्णाअ | B-088864 | 28/01/2019 | 0.00 | 28/01/2019 | Hindi Books | Dewey Decimal Classification | Non-fiction |
